01313cam a22003255a 4500001001000000003000400010005001700014008004100031020002500072040004000097082002000137130003600157245008900193250001200282260004300294300003400337500002900371500002600400500012400426504004100550650003900591650004100630653001900671700003700690700003800727740004400765942000800809999001700817952015300834016446360OSt20160516140336.0130611s2013 enka frb 001 0 eng d a9780857110541 (pbk.) aStDuBDSbengcStDuBDSdUkdEG-ScBUE04a614.13222bCLA0 aAnalytical forensic toxicology.10aClarke's analytical forensic toxicology /cedited by Adam Negrusz, Gail A.A. Cooper. a2nd ed. aLondon :bPharmaceutical press,c2013. axxi, 634 p. :bill. ;c25 cm. aPrevious edition : 2008. aIndex : p. [605]-634. a"This book is adapted from contributions published in volume 1 of Clarke's analysis of drugs and poisons, 4th edition." aIncludes bibliographical references. 7aForensic toxicology.2BUEsh939604 7aAnalytical toxicology.2BUEsh939605 bPPhrmcMay20161 aNegrusz, Adam,cPh. D.,eeditor.1 aCooper, Gail Audrey Ann,eeditor.0 aClarke's analysis of drugs and poisons. 2ddc c21752d21724 00102ddc40708AlahramaMAINbMAINc1STd2016-05-16ePurchaseg675.00h4l1m2o614.13 CLAp000032518r2025-07-15 00:00:00s2018-03-19v843.75yBB